Rusko - český technický slovník

Gespeichert in:
Bibliographische Detailangaben
1. Verfasser: Wagner, Petr (Verfasst von)
Format: Buch
Sprache:Russisch
Tschechisch
Veröffentlicht: Ostrava : MONTANEX a.s, 1999
Ausgabe:1. vyd.
Tags: Tag hinzufügen
Keine Tags, Fügen Sie das erste Tag hinzu!

MARC

LEADER 00000nam a22000003a 4500
001 stu53862
005 20150617225700.1
008 000607s1999----xr------------------rus-d
020 |a 8085780968 
040 |a STU  |b slo 
041 0 |a rus  |a cze 
044 |a xr 
080 |a 801.316.4 =20 =850 
100 1 |a Wagner, Petr  |4 aut 
245 1 |a Rusko - český technický slovník 
250 |a 1. vyd. 
260 |a Ostrava :  |b MONTANEX a.s,  |c 1999 
300 |a 1102 s 
996 |b 284J002502  |c J*96937  |l JJST  |s P  |a 0  |w stu53862_0001